000 01812nam a2200241Ia 4500
008 260220t9999||||xx |||||||||||||| ||spa||
040 _aPY-SlUNAC
_bspa
_erda
041 _aspa
082 _a621.3
_bY47a
100 _aYesares Blaneo, Ricardo
_eAutor
245 0 _aABC del instalador y montador electricista /
_cpor Ricardo Yesares Blaneo [Autor]
264 _aBarcelona :
_bManuel Soler,
_c[Fecha de publicación no identificada].
300 _a1 volumen
520 _aEl libro "ABC del instalador y montador electricista" de Ricardo Yesares Blaneo es una obra fundamental que aborda los aspectos esenciales de la instalación eléctrica y la montura de sistemas eléctricos. A lo largo de sus capítulos, el autor presenta de manera clara y didáctica los principios básicos de la electricidad, las normativas de seguridad, y las técnicas de instalación que deben seguirse para asegurar un trabajo eficiente y seguro. Además, se destacan las herramientas y materiales necesarios, así como las mejores prácticas para el montaje de sistemas eléctricos en edificaciones. Este texto resulta invaluable tanto para estudiantes que inician su formación en el campo de la electricidad como para profesionales que buscan actualizar sus conocimientos. Con un enfoque práctico y accesible, Yesares Blaneo logra equilibrar teoría y práctica, facilitando la comprensión de conceptos complejos y promoviendo la capacitación de futuros electricistas en el cumplimiento de estándares de calidad y seguridad en sus labores diarias.
653 _aElectricidad
653 _aFormación profesional
653 _aInstalación eléctrica
942 _b2026/02/17
_cBK
999 _c8546
_d8546